Dzielnice Gdańska - Statystyki

Ogólne statystyki
  • Ten quiz został rozwiązany 162 razy
    153 od ostatniego zresetowania
  • Średni wynik to 20 z 35
Statystyki odpowiedzi
Liczba ludności Odpowiedź % Poprawnych
26 846 Śródmieście
88%
16 212 Oliwa
85%
16 865 Żabianka-Wejhera-Jelitkowo-Tysiąclecia
83%
14 163 Orunia-Święty Wojciech-Lipce
79%
22 950 Wrzeszcz Górny
73%
12 593 Brzeźno
72%
23 456 Wrzeszcz Dolny
72%
13 376 Zaspa-Młyniec
70%
12 971 Zaspa-Rozstaje
70%
32 242 Chełm
69%
9 820 Nowy Port
66%
10 932 Stogi
63%
14 974 Jasień
59%
23 853 Ujeścisko-Łostowice
59%
15 163 Osowa
58%
4 902 Aniołki
57%
28 167 Przymorze Wielkie
55%
3 360 Wyspa Sobieszewska
55%
19 807 Orunia Górna-Gdańsk Południe
54%
14 999 Przymorze Małe
54%
25 903 Piecki-Migowo
50%
5 803 Matarnia
49%
1 314 Letnica
47%
4 185 Przeróbka
45%
9 094 Kokoszki
44%
3 954 VII Dwór
44%
10 078 Suchanino
43%
7 460 Brętowo
42%
3 112 Olszynka
42%
5 415 Strzyża
41%
13 334 Siedlce
40%
2 505 Wzgórze Mickiewicza
38%
1 875 Krakowiec-Górki Zachodnie
37%
1 242 Rudniki
36%
2 879 Młyniska
34%
Nie znaleziono quizów pasujących do podanych kryteriów
Rozkład punktacji
Procent ludzi z każdym wynikiem
Percentyl według liczby udzielonych odpowiedzi
Twoja historia wyników
Nie rozwiązałeś tego quizu od ostatniego zresetowania